Get the Picture: Former Big Four Teams Quiz Stats

 Plays Quiz Updated Aug 14, 2019

Score 0/16 Timer 02:00
5 Plays Today
Question Answer Wrong Answers
Quebec Nordiques NHL
87.5%
MLB
3.8%
NFL
2.5%
NBA
1.3%
Seattle Supersonics NBA
85.9%
MLB
4.2%
NFL
3.1%
NHL
1.8%
Hartford Whalers NHL
82.2%
MLB
5.3%
NFL
5.3%
NBA
2.2%
Montreal Expos MLB
81.8%
NFL
2.3%
NHL
8.8%
NBA
2%
Houston Oilers NFL
80.9%
MLB
4.7%
NHL
8.2%
NBA
1.6%
Minnesota North Stars NHL
79.4%
MLB
6.2%
NFL
4%
NBA
4.9%
Baltimore Bullets NBA
77.3%
MLB
8.1%
NFL
5.7%
NHL
4%
Dallas Texans NFL
76%
MLB
10%
NHL
4%
NBA
5%
Atlanta Thrashers NHL
74.9%
MLB
7.2%
NFL
5.6%
NBA
7%
Seattle Pilots MLB
58.6%
NFL
7.9%
NHL
14.7%
NBA
13.3%
Syracuse Nationals NBA
51.9%
MLB
26.3%
NFL
9.2%
NHL
7.4%
Cleveland Spiders MLB
44.6%
NFL
10.8%
NHL
14.9%
NBA
24.7%
Decatur Staleys NFL
44%
MLB
16.1%
NHL
23.3%
NBA
11.4%
Portsmouth Spartans NFL
42.5%
MLB
16.7%
NHL
16.6%
NBA
19.1%
St. Louis Browns MLB
41.5%
NFL
47.9%
NHL
2.6%
NBA
3.7%
Buffalo Braves NBA
37.1%
MLB
41.7%
NFL
10.7%
NHL
5.5%

Today's Daily Dose

You're not logged in!

Compare scores with friends on all Sporcle quizzes.
OR
Log In

Sporcle TV

Today on Sporcle TV


Watch our educational content, quiz creation guides, and fun videos on Sporcle TV.

Show Comments

Extras

Top Quizzes Today


Score Distribution

Your Account Isn't Verified!

In order to create a playlist on Sporcle, you need to verify the email address you used during registration. Go to your Sporcle Settings to finish the process.

Report this User

Report this user for behavior that violates our Community Guidelines.

Details: